000 01047nam a22003495b 4500
001 446
003 DO-SdBPM
005 20250611092736.0
007 ta
008 950710s2000 sp a | |||| ||spa
017 _a
_b
020 _a8424179056
040 _aDO-SdBPM
_bspa
_cBPMSU
_erda
082 4 _a863.6
_bP936h 1999
_222
100 1 _aPrestifilippo, Pablo.
_d
245 1 0 _a El hombrecito verde /
_c Pablo Prestifilippo.
_h
250 _a
264 _aLeón, España :
_bEditorial Everest,
_c1999
300 _a47 páginas . :
_bil.ustraciones ;
_c21 cm
336 _atexto
_btxt
_2rdacontent
337 _asin mediación
_bn
_2rdamedia
338 _avolumen
_bnc
_2rdacarrier
490 0 _aMontaña encantada;
_aPrimeros lectores,
_v
590 _aInventariado, 2025/VM
600 _2
650 7 _aCuentos infantiles españoles
650 7 _a
650 7 _aFamilia
_vCuentos infantiles
650 7 _aImaginación
_vCuentos infantiles
910 _aVMateo V. Control de calidad. BPMSU
942 _2ddc
_cBK
999 _c15151
_d15151